Países con Banderas Conteniendo la Cruz del Sur - Estadísticas

Estadísticas generales
  • Esta prueba ha sido intentada 4.853 veces
  • La puntuación promedio es 4 de 5
Estadísticas de respuestas
País % Correcto
Australia
99%
Nueva Zelanda
98%
Papua Nueva Guinea
65%
Samoa
65%
Brasil
25%
No se encontraron pruebas coincidentes
Distribución de puntuación
Porcentaje de gente con cada puntuación
Porcentaje por número respondido
Historial de tus puntuaciones
No has intentado esta prueba.